[Event "IBCA Wch blind 13th"]
[Site "Katerini"]
[Date "2014.05.12"]
[Round "7"]
[White "Cabarkapa, Milenko"]
[Black "Bibikov, Yuriy"]
[Result "1-0"]
[WhiteElo "2182"]
[BlackElo "2083"]
[PlyCount "67"]
[EventDate "2014.05.05"]
[EventType "swiss"]
[EventRounds "9"]
[EventCountry "GRE"]
[SourceTitle "CBM 160 Extra"]
[Source "ChessBase"]
[SourceDate "2014.07.01"]
[SourceVersion "1"]
[SourceVersionDate "2014.07.01"]
[SourceQuality "1"]

1. d4 Nf6 2. Nf3 e6 3. c4 Bb4+ 4. Nbd2 0-0 5. a3 Be7 6. e4 d6 7. b4 Nbd7 8. Bb2 c6 9. Qc2 Ne8 10. Bd3 a5 11. 0-0 axb4 12. axb4 Rxa1 13. Rxa1 g6 14. c5 Ng7 15. cxd6 Bxd6 16. b5 cxb5 17. Bxb5 Nb6 18. Qb3 Ne8 19. Bc3 f6 20. Ba5 Bc7 21. Rc1 Na8 22. Bb4 Rf7 23. d5 exd5 24. Bxe8 Qxe8 25. exd5 Bf4 26. d6 Bxd2 27. Bxd2 Kg7 28. Nd4 b6 29. h3 Bd7 30. Re1 Qd8 31. Bh6+ Kg8 32. Re7 Be8 33. Nc6 Qc8 34. Rxf7 1-0

[Event "IBCA-ol blind 14th"]
[Site "Chennai"]
[Date "2012.08.18"]
[Round "8.2"]
[White "Kishan, Gangolli"]
[Black "Bibikov, Yuriy"]
[Result "1/2-1/2"]
[WhiteElo "1972"]
[BlackElo "2038"]
[PlyCount "39"]
[EventDate "2012.08.10"]
[EventType "team-swiss"]
[EventRounds "9"]
[EventCountry "IND"]
[SourceTitle "CBM 149 Extra"]
[Source "ChessBase"]
[SourceDate "2012.08.24"]
[SourceVersion "1"]
[SourceVersionDate "2012.08.24"]
[SourceQuality "1"]
[WhiteTeam "India"]
[BlackTeam "Kazakhstan"]
[WhiteTeamCountry "IND"]
[BlackTeamCountry "KAZ"]

1. d4 Nf6 2. Nf3 d6 3. c4 g6 4. Nc3 Bg7 5. e4 0-0 6. Be2 e5 7. 0-0 exd4 8. Nxd4 Re8 9. f3 c6 10. Be3 d5 11. cxd5 cxd5 12. Nc2 dxe4 13. Qxd8 Rxd8 14. fxe4 Re8 15. Rad1 Bg4 16. Bf3 Nc6 17. Nd5 Nxd5 18. exd5 Bxf3 19. gxf3 Ne5 20. Na3 1/2-1/2

[Event "IBCA-ol blind 14th"]
[Site "Chennai"]
[Date "2012.08.16"]
[Round "6.2"]
[White "Aksu, Mumin"]
[Black "Bibikov, Yuriy"]
[Result "0-1"]
[WhiteElo "1905"]
[BlackElo "2038"]
[PlyCount "202"]
[EventDate "2012.08.10"]
[EventType "team-swiss"]
[EventRounds "9"]
[EventCountry "IND"]
[SourceTitle "CBM 149 Extra"]
[Source "ChessBase"]
[SourceDate "2012.08.24"]
[SourceVersion "1"]
[SourceVersionDate "2012.08.24"]
[SourceQuality "1"]
[WhiteTeam "Turkey"]
[BlackTeam "Kazakhstan"]
[WhiteTeamCountry "TUR"]
[BlackTeamCountry "KAZ"]

1. e4 d6 2. d4 Nd7 3. Nf3 c6 4. Bc4 Ngf6 5. e5 dxe5 6. dxe5 Ne4 7. Qd4 Nec5 8. b4 Ne6 9. Bxe6 fxe6 10. Ng5 Qb6 11. Qf4 Nf6 12. exf6 exf6 13. Nf3 Bxb4+ 14. c3 Be7 15. 0-0 0-0 16. Rd1 Qa6 17. Be3 e5 18. Qe4 Be6 19. Qc2 g6 20. Nbd2 Qa5 21. Nb3 Qa4 22. Nbd4 Qxc2 23. Nxc2 Kf7 24. Rd2 g5 25. Nfe1 h5 26. a4 f5 27. f3 h4 28. Bf2 Rg8 29. a5 g4 30. fxg4 Rxg4 31. Rb1 Bc8 32. Nd3 Ke6 33. Re1 Bf6 34. Nc5+ Ke7 35. Ne3 Rg7 36. Nc4 e4 37. Bd4 Bxd4+ 38. Rxd4 Kf6 39. Rd8 b6 40. axb6 axb6 41. Nb3 Ra2 42. Rd2 Rxd2 43. Ncxd2 c5 44. Nc4 Be6 45. Ncd2 Rd7 46. Kf2 Rd3 47. Re3 Rd6 48. c4 Rd8 49. g3 hxg3+ 50. hxg3 Ra8 51. Rc3 Rh8 52. Nf1 Ke5 53. Ne3 f4 54. gxf4+ Kxf4 55. Nc1 Ke5 56. Ne2 Rh2+ 57. Ke1 Rh1+ 58. Kd2 Rb1 59. Rc2 Rb4 60. Kc3 b5 61. cxb5 Rxb5 62. Nc4+ Bxc4 63. Kxc4 Rb8 64. Rd2 e3 65. Rd7 Ke4 66. Rf7 Rb2 67. Nc3+ Ke5 68. Re7+ Kd6 69. Rxe3 Rb4+ 70. Kd3 Rd4+ 71. Kc2 Rh4 72. Rg3 Rf4 73. Rg6+ Kd7 74. Kd3 Rd4+ 75. Ke3 Rd6 76. Rg8 Kc6 77. Rc8+ Kb6 78. Ke4 Rc6 79. Rb8+ Kc7 80. Rb1 Rh6 81. Nd5+ Kc8 82. Rb5 c4 83. Nb6+ Kc7 84. Nxc4 Rh4+ 85. Kd5 Rh5+ 86. Ne5 Rh1 87. Rb2 Rd1+ 88. Kc5 Rc1+ 89. Nc4 Rh1 90. Rd2 Rh5+ 91. Kb4 Rh4 92. Rd5 Rh6 93. Rg5 Rh1 94. Kc5 Kd7 95. Rd5+ Ke7 96. Re5+ Kf6 97. Rd5 Rc1 98. Rd6+ Kf5 99. Rd5+ Ke6 100. Rd6+ Ke7 101. Kd5 Re1 0-1

[Event "KAZ-ch qual"]
[Site "Astana"]
[Date "2012.02.28"]
[Round "8"]
[White "Kassimov, Baurzhan"]
[Black "Bibikov, Yuriy"]
[Result "1-0"]
[WhiteElo "2270"]
[BlackElo "2066"]
[PlyCount "54"]
[EventDate "2012.02.21"]
[EventType "swiss"]
[EventRounds "9"]
[EventCountry "KAZ"]
[SourceTitle "EXT 2014"]
[Source "ChessBase"]
[SourceDate "2013.11.20"]
[SourceVersion "1"]
[SourceVersionDate "2013.11.20"]
[SourceQuality "1"]

1. Nc3 d6 2. Nf3 e5 3. d4 Nd7 4. e4 c6 5. Bc4 Be7 6. 0-0 Ngf6 7. dxe5 dxe5 8. Qe2 0-0 9. a4 Qc7 10. Nh4 Bb4 11. Na2 Be7 12. Nf5 Nc5 13. Nc3 Re8 14. Qf3 Be6 15. Be2 Bf8 16. b4 Ncd7 17. Rb1 Nb6 18. Qg3 Bxf5 19. exf5 Nbd5 20. Na2 a5 21. b5 Nf4 22. Bc4 cxb5 23. Bxb5 Qxc2 24. Rb2 Qxf5 25. Bxe8 Rxe8 26. Bxf4 exf4 27. Qf3 Ne4 1-0

[Event "IBCA-ol blind 13th"]
[Site "Heraklion"]
[Date "2008.10.19"]
[Round "1.3"]
[White "Bibikov, Yuriy"]
[Black "Nemes, Gyorgy"]
[Result "1-0"]
[WhiteElo "1400"]
[BlackElo "2010"]
[PlyCount "139"]
[EventDate "2008.10.19"]
[EventType "team-swiss"]
[EventRounds "9"]
[EventCountry "GRE"]
[SourceTitle "EXT 2010"]
[Source "ChessBase"]
[SourceDate "2010.11.25"]
[SourceVersion "1"]
[SourceVersionDate "2010.11.25"]
[SourceQuality "1"]
[WhiteTeam "Kazakhstan (blind)"]
[BlackTeam "Hungary (blind)"]
[WhiteTeamCountry "KAZ"]
[BlackTeamCountry "HUN"]

1. e4 e5 2. Nf3 Nc6 3. Bb5 a6 4. Ba4 Nf6 5. d3 b5 6. Bb3 Be7 7. 0-0 d6 8. c3 0-0 9. h3 Na5 10. Bc2 c5 11. Nbd2 Qc7 12. Re1 Re8 13. Nf1 Bd7 14. Ng3 Nc6 15. Nh2 Rac8 16. Ng4 Qd8 17. Qf3 Nxg4 18. hxg4 g6 19. Nf1 Be6 20. Ne3 Bg5 21. Nf1 Kg7 22. Bxg5 Qxg5 23. Bd1 Ne7 24. Qe3 Qxe3 25. Nxe3 f6 26. Be2 d5 27. exd5 Nxd5 28. Nxd5 Bxd5 29. f3 Bc6 30. Kf2 Rcd8 31. Rad1 Rd6 32. Bf1 Red8 33. g5 Re8 34. gxf6+ Kxf6 35. Rc1 Red8 36. Re3 Re6 37. Rce1 Rde8 38. g3 g5 39. Bh3 R6e7 40. Bg4 Bd5 41. b3 Bf7 42. Rh1 Bg6 43. Bh5 Kg7 44. Bxg6 Kxg6 45. Ke2 Re6 46. Re4 R8e7 47. a4 Re8 48. axb5 axb5 49. Ra1 Kf6 50. Ra5 Rb8 51. g4 Rb7 52. Ra8 Ree7 53. Ra5 Rb6 54. Kd2 Rd7 55. Kc2 Rdb7 56. Re1 Rd6 57. Rea1 Ke6 58. Ra7 Rdd7 59. R1a6+ Kd5 60. Rxb7 Rxb7 61. Kd2 c4 62. dxc4+ bxc4 63. b4 Rc7 64. Ke3 Rf7 65. Ra5+ Kd6 66. Rc5 Rf4 67. Rc8 Kd7 68. Rg8 e4 69. fxe4 Rxg4 70. Rg7+ 1-0